Celebrating reform 2007 : (Record no. 14838)

000 -LEADER
fixed length control field 00668cam a2200217 a 4500
020 ## - INTERNATIONAL STANDARD BOOK NUMBER
ISBN 0821372939
020 ## - INTERNATIONAL STANDARD BOOK NUMBER
ISBN 9780821372937
020 ## - INTERNATIONAL STANDARD BOOK NUMBER
ISBN 9780821372944 (eISBN)
020 ## - INTERNATIONAL STANDARD BOOK NUMBER
ISBN 0821372947 (eISBN)
040 ## - CATALOGING SOURCE
Transcribing agency YDXCP
082 ## - DEWEY DECIMAL CLASSIFICATION NUMBER
Classification number 346 USA 2007 A070 Or.
245 00 - TITLE STATEMENT
Title Celebrating reform 2007 :
Remainder of title doing business case studies.
260 ## - PUBLICATION, DISTRIBUTION, ETC. (IMPRINT)
Place of publication Washington :
Name of publisher International Finance Corporation :
-- World Bank :
-- USAID,
Year of publication 2007.
300 ## - PHYSICAL DESCRIPTION
Number of Pages 90 p. :
Other physical details col. ill. ;
Dimensions 27 cm.
650 #0 - SUBJECT ADDED ENTRY--TOPICAL TERM
Topical Term Trade regulation
650 #0 - SUBJECT ADDED ENTRY--TOPICAL TERM
Topical Term Commercial law
650 #0 - SUBJECT ADDED ENTRY--TOPICAL TERM
Topical Term Economic development projects
650 #0 - SUBJECT ADDED ENTRY--TOPICAL TERM
Topical Term Industrial laws and legislation
710 2# - ADDED ENTRY--CORPORATE NAME
Corporate name or jurisdiction name as entry element World Bank Group.
942 ## - ADDED ENTRY ELEMENTS (KOHA)
Koha item type សៀវភៅភាសាអង់គ្លេស
952 ## - LOCATION AND ITEM INFORMATION (KOHA)
Withdrawn status [LOCAL, KOHA] 0
Holdings
Permanent Location Date acquired Koha item type Lost status Shelving location Barcode Current Location Full call number
Library Block A2017-10-27សៀវភៅភាសាអង់គ្លេស A076A07550Library Block A346 USA 2007 A076 Or.
មជ្ឈមណ្ឌលឯការនៃសាកលវិទ្យាល័យភូមិន្ទកសិកម្មចំការដូង

Powered by Koha